000 00673nam a2200193Ia 4500
003 IN-BaIIA
008 211028s9999 xx 000 0 eng d
020 _a978-08311-3092-3
040 _cIIA Library
080 _a(035)621
_bOBE
100 _aOberg, Erik
_99064
245 0 _aMachinery's handbook [WITH CD] :a reference book for the mechanical engineer,designer, manufacturing engineer, draftsman , toolmaker and machinist
_cErik Oberg
250 _a30th ed.
260 _aNew York
_bIndustrial Press
_c2016
300 _axi, 2883p.
650 _aHandbook
_91241
650 _aMechanical engineering
_9667
942 _cBK
999 _c19402
_d19402